00265nam a2200109Ia 4500008004100000020001800041082001500059100001700074245004400091260000800135500001200143260604s9999 xx 000 0 und d a9780674296022 a954.03 PAT aDINYAR PATEL 0aNAOROJI ? PIONEER OF INDIAN NATIONALISM bHBR aNaoroji